Т. 4: Затворы дисковые. Клапаны регулирующие. Регуляторы давления и других параметров. Дроссельные устройства. Конденсатоотводчики. Элеваторы; Отраслевой промышленный каталог трубопроводной арматуры и приводов

Bibliografiset tiedot
Parent link:Отраслевой промышленный каталог трубопроводной арматуры и приводов: [в 5 т.]/ Научно-промышленная ассоциация арматуростроителей (НПАА) ; Московское центральное конструкторское бюро арматуростроения (МосЦКБА). Т. 4: Затворы дисковые. Клапаны регулирующие. Регуляторы давления и других параметров. Дроссельные устройства. Конденсатоотводчики. Элеваторы.— 1-е изд..— , 2008-2010
Yhteenveto:Отраслевой промышленный каталог трубопроводной арматуры и приводов выпущен по заказу Научно-Промышленной Ассоциации Арматуростроителей.В каталоге приведена номенклатура и основные технические характеристики трубопроводной арматуры и приводов к ней, выпускаемых производственными предприятиями России и стран СНГ. Каталог предназначен для инженерно-технических работников проектных, конструкторских, производственных и других организаций, связанных с изготовлением, применением и эксплуатацией промышленной трубопроводной арматуры. В четвертый том каталога включены затворы дисковые различного назначения (запорные, запорно-регулирующие, регулирующие), клапаны регулирующие различного назначения и конструктивного исполнения (в т.ч. запорно-регулирующие), регуляторы давления, температуры, расхода и других параметров, дроссельные устройства, конденсатоотводчики, элеваторы.Запорно-регулирующие клапаны СМ 23157-003, АК 28015, АК 28016, УФ 28018 производства ОАО "Конотопский арматурный завод" вошли в третий том настоящего каталога.
Kieli:venäjä
Julkaistu: 2009
Aiheet:
Aineistotyyppi: Kirja
KOHA link:https://koha.lib.tpu.ru/cgi-bin/koha/opac-detail.pl?biblionumber=220573

MARC

LEADER 00000nam2a2200000 4500
001 220573
005 20231101230337.0
010 |a 9785975807304 
035 |a (RuTPU)RU\TPU\book\240698 
035 |a RU\TPU\book\240697 
090 |a 220573 
100 |a 20120828d2009 k y0rusy50 ca 
101 0 |a rus 
102 |a RU 
105 |a a b 001zy 
200 0 |a Т. 4: Затворы дисковые. Клапаны регулирующие. Регуляторы давления и других параметров. Дроссельные устройства. Конденсатоотводчики. Элеваторы 
210 |d 2009 
215 |a 540 с.  |c ил. 
320 |a Указатель изделий: с. 535-540. 
330 |a Отраслевой промышленный каталог трубопроводной арматуры и приводов выпущен по заказу Научно-Промышленной Ассоциации Арматуростроителей.В каталоге приведена номенклатура и основные технические характеристики трубопроводной арматуры и приводов к ней, выпускаемых производственными предприятиями России и стран СНГ. Каталог предназначен для инженерно-технических работников проектных, конструкторских, производственных и других организаций, связанных с изготовлением, применением и эксплуатацией промышленной трубопроводной арматуры. В четвертый том каталога включены затворы дисковые различного назначения (запорные, запорно-регулирующие, регулирующие), клапаны регулирующие различного назначения и конструктивного исполнения (в т.ч. запорно-регулирующие), регуляторы давления, температуры, расхода и других параметров, дроссельные устройства, конденсатоотводчики, элеваторы.Запорно-регулирующие клапаны СМ 23157-003, АК 28015, АК 28016, УФ 28018 производства ОАО "Конотопский арматурный завод" вошли в третий том настоящего каталога. 
461 1 |0 (RuTPU)RU\TPU\book\56988  |t Отраслевой промышленный каталог трубопроводной арматуры и приводов  |o [в 5 т.]  |f Научно-промышленная ассоциация арматуростроителей (НПАА) ; Московское центральное конструкторское бюро арматуростроения (МосЦКБА)  |v Т. 4: Затворы дисковые. Клапаны регулирующие. Регуляторы давления и других параметров. Дроссельные устройства. Конденсатоотводчики. Элеваторы  |e 1-е изд.  |d 2008-2010 
606 1 |a Трубопроводная арматура  |x Конструкция и расчет  |2 stltpush  |3 (RuTPU)RU\TPU\subj\61721  |9 78884 
610 1 |a дисковые затворы 
610 1 |a регулирующие клапаны 
610 1 |a регуляторы давления 
610 1 |a дроссельные устройства 
610 1 |a конденсатоотводчики 
610 1 |a элеваторы 
610 1 |a технические характеристики 
610 1 |a номенклатура 
610 1 |a изготовление 
610 1 |a эксплуатация 
610 1 |a применение 
610 1 |a промышленные каталоги 
610 1 |a предприятия-изготовители 
675 |a 621.646(085)  |v 3 
801 1 |a RU  |b 63413507  |c 20120828 
801 2 |a RU  |b 63413507  |c 20120903  |g RCR 
942 |c BK